Countries by Geography Now quotes - Statistics

General Stats
  • This quiz has been taken 1,249 times
  • The average score is 9 of 10
Answer Stats
Quote Country % Correct
"_____ has a little less than 11 million people. At about 57% are Flemish from Flanders, about 42% are Walloon from Wallonia and 1% German from the German community." Belgium
97%
"The only place where they can tarnish their image with drug cartels yet entice you with Shakira." Colombia
96%
"If the government feels like it, they will hold the Arirang mass games, the largest of its kind according to the Guinness Book of World Records. Here, students as young as 5 from one of the top 8 elite schools of Pyongyang participate in an extravagant colorful performance of exquisitely choreographed acrobatics, arts, dance and music." North Korea
96%
"And that's kinda where things got really messy. After all the settlements were set up in the West Bank, it kind of chopped up the map into pockety Palestinian neighborhood islands." Israel
95%
"Much of _____'s fast-paced development is also driven by the fact that they are host to the World Cup, making them not only the first Middle Eastern country to do so, but also the smallest." Qatar
95%
"Much of the country is divided into regions of choppy fjords stuff to the west and the connected hilly and valley stuff to the east and the southeast." Norway
94%
"Jade or greenstone is a precious stone mined and sold here, as well as often carved into jewelry or traditional Maori tools and ornaments." New Zealand
93%
"They are the largest Shia Muslim country in the world with doctrines that run their ideologies and legislation." Iran
92%
"Today we head out to the Himalayas. So make sure you strap your 'boots on', cause we're going to ____. Hahaha." Bhutan
90%
"_______ has teamed up with 10 other African states to initiate the first phases of the Green Wall Project, a natural barrier of trees nine miles wide extending over 4 300 miles from coast to coast, starting in _______ and ending in Djibouti." Senegal
67%
No matching quizzes found
Score Distribution
Percent of People with Each Score
Percentile by Number Answered
Your Score History
You have not taken this quiz